| 000 | 00565nam a2200193Ia 4500 | ||
|---|---|---|---|
| 008 | 260428s9999 xx 000 0 und d | ||
| 020 | _a9789561416246 | ||
| 082 | _a371.071283 I32e 2015 | ||
| 100 |
_aImbarak, Patricia, editor _935742 |
||
| 245 | 0 | _aEducación católica en Chile: perspectivas, aportes y tensiones | |
| 260 | _aEdiciones Universidad Católica de Chile | ||
| 260 | _bSantiago, Chile | ||
| 260 | _c2015 | ||
| 300 | _a454p. | ||
| 650 |
_aChile _9121 |
||
| 650 |
_aEducación _9342 |
||
| 650 |
_aEducación Católica _930063 |
||
| 942 | _clibro | ||
| 999 |
_c20510 _d20510 |
||